| 000 | 00491nam a22001697a 4500 | ||
|---|---|---|---|
| 005 | 20251108165305.0 | ||
| 008 | 250721s1986 xx 000 0 ara d | ||
| 082 | 1 | 4 | _a958.1/عبد |
| 100 | 1 | _aعزام، عبد الله | |
| 245 | 1 | 0 | _aآيات الرحمن في جهاد الأفغان / |
| 264 | 1 |
_aعمان : _bمكتبة الرسالة الحديثة، _c1986. |
|
| 300 | _a204ص | ||
| 650 | 1 | 7 | _aأفغانستان |
| 650 | 1 | 7 | _aالتاريخ |
| 942 |
_2ddc _cBK |
||
| 999 |
_c24249 _d24249 |
||